| 000 | 01374nam a2200241 a 4500 | ||
|---|---|---|---|
| 001 | ASIN1119951747 | ||
| 003 | OSt | ||
| 005 | 20180116192413.0 | ||
| 008 | 130128s2012 xxu eng d | ||
| 020 |
_a1119951747 (paperback) _c$50.00 |
||
| 020 | _a9781119951742 (paperback) | ||
| 040 | _c0 | ||
| 082 | _a720.285 | ||
| 245 | 0 | 4 |
_aThe digital turn in architecture 1992-2010 : _cedited by Mario Carpo. |
| 260 |
_aLondon : _bWiley, _c2013. |
||
| 300 |
_a264 p. ; _c25 cm. |
||
| 520 | _aThe digital turn in architecture has gone through several stages and phases, and Architectural Design ( AD ) has captured them all. This anthology of AD 's most salient articles is chronologically and thematically arranged to provide a complete historical timeline of the rise to pre-eminence of computer-based design and production. A much-needed pedagogical and research tool, this synopsis also relates the present state of digitality in architecture to the history and theory of its recent development and trends. Architectural students, scholars, and practicing architects will find this book an invaluable reference. | ||
| 650 |
_aArchitectural design _xData processing _96206 |
||
| 650 |
_aArchitecture _xData processing _96207 |
||
| 700 | 1 |
_aCarpo, Mario. _96208 |
|
| 856 | 4 | 0 |
_3Amazon.com _uhttp://www.amazon.com/exec/obidos/ASIN/1119951747/chopaconline-20 |
| 942 |
_2ddc _cBK |
||
| 999 |
_c353616 _d353616 |
||